1577 1125 1090 1141 1986 1532 1425 1220 1052 1694 1643 1533 1766 1049 1605 1259 1191 1311 1970 1617 1480 1496 1349 1575 1798 1293 1448 1164 1214 1890 1493 1000 1533 1966 1765 1458 1732 1149 1671 1483 1994 1910 1604 1655 1287 1637 1693 1463 1950 1728 1010 1959 1139 1824 1833 1279 1083 1267 1263 1505 1466 1330 1779 1383 1222 1443 1296 1976 1510 1246 1106 1169 1716 1878 1358 1529 1524 1982 1653 1031 1476 1108 1878 1208 1884 1731 1981 1179 1336 1674 1439 1518 1063 1265 1865 1592 1773 1112 1785 BCNSPRNW ULIB Ver.6.0+V

เปลี่ยนเป็นภาษาไทย

Change to English
 แสดงรายละเอียดบรรณานุกรม
  กลับหน้าหลัก

Brief Record : Get Marc (ISO 2709) : E-mail record : QR code < ปิดหน้าต่าง
LEADER : 00000nam 2200000uu 4500
001    13399126870
003     ULIB
008    190821s2562||||th 000 0 tha d
020    ^a9786164432680
060    ^aWB115^bร275อ
100    ^aระวีวรรณ เลิศวัฒนารักษ์ มณฑิรา มณีรัตนะพร สุรัตน์ ทองอยู่ และนัฐพล ฤทธิ์ทยมัย
245    ^aอายุรศาสตร์ทันยุค ๒๕๖๒(Update in Internal Medicine 2019)
250    ^aพิมพ์ครั้งที่ 1
260    ^aกรุงเทพฯ :^bภาควิชาอายุรศาสตร์ คณะแพทยศาสตร์ศิริราชพยาบาล,^c2562
300    ^a395 หน้า^bภาพประกอบ, ตาราง, ภาคผนวก
650    ^aอายุรศาสตร์
945    ^p400^l0^i005561
945    ^p400^l0^i005557
945    ^p400^l0^i005558
945    ^p400^l0^i005559
945    ^p400^l0^i005560
945    ^p400^l0^i006458
945    ^p400^l0^i006459
945    ^p400^l0^i006460
999    ^aประนอม เกษจรัล
รายการนี้ยังไม่มีแท็ก
คุณยังไม่ได้ล็อกอิน คุณสามารถมีกิจกรรมร่วมกับเว็บไซต์ได้ แต่ต้องล็อกอินก่อน ::
  ล็อกอิน

รายการสื่อสารสนเทศ

ลำดับที่ ประเภท เลขเรียก/บาร์โค้ด สถานที่ สถานะ
1. วิทยาศาสตร์การแพทย์ และสุขภาพ
หนังสือสำรอง
สถานะ=หนังสือสำรอง
WB115 ร275อ ฉ.1 
  Barcode: 005557
ห้องสมุดวิทยาเขตสวรรค์ประชารักษ์
►หนังสือทั่วไป
ถูกยืม กำหนดส่งวันที่ 6 มีนาคม 2567
  จอง
2. วิทยาศาสตร์การแพทย์ และสุขภาพ
วิทยาศาสตร์การแพทย์ และสุขภาพ
WB115 ร275อ ฉ.2 
  Barcode: 005558
ห้องสมุดวิทยาเขตสวรรค์ประชารักษ์
►หนังสือทั่วไป
บนชั้น
3. วิทยาศาสตร์การแพทย์ และสุขภาพ
วิทยาศาสตร์การแพทย์ และสุขภาพ
WB115 ร275อ ฉ.3 
  Barcode: 005559
ห้องสมุดวิทยาเขตสวรรค์ประชารักษ์
►หนังสือทั่วไป
บนชั้น
4. วิทยาศาสตร์การแพทย์ และสุขภาพ
วิทยาศาสตร์การแพทย์ และสุขภาพ
WB115 ร275อ ฉ.4 
  Barcode: 005560
ห้องสมุดวิทยาเขตสวรรค์ประชารักษ์
►หนังสือทั่วไป
บนชั้น
5. วิทยาศาสตร์การแพทย์ และสุขภาพ
วิทยาศาสตร์การแพทย์ และสุขภาพ
WB115 ร275อ ฉ.5 
  Barcode: 005561
ห้องสมุดวิทยาเขตสวรรค์ประชารักษ์
►หนังสือทั่วไป
บนชั้น
6. วิทยาศาสตร์การแพทย์ และสุขภาพ
วิทยาศาสตร์การแพทย์ และสุขภาพ
WB115 ร275อ ฉ.6 
  Barcode: 006458
ห้องสมุดวิทยาเขตสวรรค์ประชารักษ์
►หนังสือทั่วไป
บนชั้น
7. วิทยาศาสตร์การแพทย์ และสุขภาพ
วิทยาศาสตร์การแพทย์ และสุขภาพ
WB115 ร275อ ฉ.7 
  Barcode: 006459
ห้องสมุดวิทยาเขตสวรรค์ประชารักษ์
►หนังสือทั่วไป
บนชั้น
8. วิทยาศาสตร์การแพทย์ และสุขภาพ
วิทยาศาสตร์การแพทย์ และสุขภาพ
WB115 ร275อ ฉ.8 
  Barcode: 006460
ห้องสมุดวิทยาเขตสวรรค์ประชารักษ์
►หนังสือทั่วไป
บนชั้น

รายการใกล้เคียง
    ชื่อเรื่อง [อายุรศาสตร์ทันยุค ๒๕๖๒(Update in Internal Medicine 2019)]

    ผู้แต่ง [ระวีวรรณ เลิศวัฒนารักษ์ มณฑิรา มณีรัตนะพร สุรัตน์ ทองอยู่ และนัฐพล ฤทธิ์ทยมัย]

    หัวเรื่อง [อายุรศาสตร์]

BibComment


ยังไม่เคยถูกคอมเมนท์

คอมเมนท์ทรัพยากรรายการนี้
  คอมเมนท์: อายุรศาสตร์ทันยุ..


 Copyright 2026. Bcnsprnw @Library